| 000 | 00481nam a2200193Ia 4500 | ||
|---|---|---|---|
| 003 | GCL | ||
| 008 | 140319s9999 xx 000 0 eng d | ||
| 040 |
_aGCL / _cGCL |
||
| 082 | 0 | 4 |
_aCC _b630.962 _bW E |
| 100 | 1 | _aWILLCOCTS, W. | |
| 245 | 1 | 0 |
_aEGYPTIAN IRRIGATION / _cWILLCOCTS, W. |
| 700 | 1 | _aCRSY, J. J. | |
| 260 |
_a[S.N] : _bSPON & CHSMBERLSIN ، _c1913 |
||
| 650 | 0 | 4 | _aEGYPT |
| 650 | 0 | 4 | _aAGRICULTURE |
| 650 | 0 | 4 | _aNILE VALLEY |
| 650 | 0 | 4 | _aIRRIGATION |
| 942 |
_2ddc _cBK |
||
| 999 |
_c19254 _d19254 |
||